000 00865cam a2200253 a 4500
001 000018034
005 20200929165328.0
008 760424s1968 sp 000 0 spa d
040 _aDO-SdBNP
_bspa
_cDLC
_dBNPHU
082 _a861.6
_bB646f, 1968
100 1 _aBlecua, José Manuel,
_d1913-2003.
_939099
245 1 0 _aFloresta de lírica española /
_cJosé Manuel Blecua.
250 _a2a ed. corr. aum.
260 _aMadrid, España :
_bEditorial Gredos,
_c1968.
300 _a2 v. ;
_c20 cm.
490 1 _aBiblioteca románica hispánica
_aAntología hispánica
_v6
650 4 _aPoesía española
_9631
650 4 _aPoesía gallega
_939100
650 4 _aPoesía catalán
_939101
650 4 _aLiteratura española
_9632
830 0 _aBiblioteca románica hispánica ;
_pAntología hispánica
_v6
_939102
910 _aCatalogación derivada
049 _aBNGR
999 _c17556
_d17556